PERMANENT MAGNETS AND MAGNETISM THEORY, MATERIALS, DESIGN, MANUFACTURE AND APPLICATIONS (Record no. 585016)

000 -LEADER
fixed length control field 00301nam a22001097a 4500
082 ## - DEWEY DECIMAL CLASSIFICATION NUMBER
Classification number 538.2 PER'H
100 ## - MAIN ENTRY--PERSONAL NAME
Personal name HADFIELD, D
9 (RLIN) 80039
245 ## - TITLE STATEMENT
Title PERMANENT MAGNETS AND MAGNETISM THEORY, MATERIALS, DESIGN, MANUFACTURE AND APPLICATIONS
260 ## - PUBLICATION, DISTRIBUTION, ETC.
Place of publication, distribution, etc. LONDON
Name of publisher, distributor, etc. ILIFFE
Date of publication, distribution, etc. 1962
300 ## - PHYSICAL DESCRIPTION
Extent 556P
942 ## - ADDED ENTRY ELEMENTS (KOHA)
Koha item type Book
Holdings
Withdrawn status Lost status Damaged status Not for loan Permanent Location Current Location Shelving location Date acquired Total Checkouts Full call number Barcode Date last seen Price effective from Koha item type
        College of Electrical & Mechanical Engineering (CEME) College of Electrical & Mechanical Engineering (CEME) General Stacks 07/06/2017   538.2 PER'H CEME-5625 06/28/2021 06/28/2021 Book
© 2023 Central Library, National University of Sciences and Technology. All Rights Reserved.